| 000 | 00940aam a2200313 4500 | ||
|---|---|---|---|
| 005 | 20161116093643.0 | ||
| 008 | 150615b xxu||||| |||| 00| 0 spa d | ||
| 041 | _aEspañol | ||
| 082 | _a658.401.2 D261c | ||
| 100 |
_aFreud, David _924572 |
||
| 245 | _aConceptos de administración estratégica | ||
| 260 |
_aMéxico _bPearson _c2008 |
||
| 300 | _a416 páginas | ||
| 650 |
_aADMINISTRACIÓN ESTRATÉGICA _9388 |
||
| 650 |
_aFORMULACIÓN ESTRATÉGICA _924573 |
||
| 650 |
_aVISIÓN _95615 |
||
| 650 |
_aMISIÓN _95616 |
||
| 650 |
_aEVALUACIÓN INTERNA _95618 |
||
| 650 |
_aEVALUACIÓN EXTERNA _95617 |
||
| 650 |
_aPORTER, MICHAEL _924574 |
||
| 650 |
_aESTRATEGIA _92778 |
||
| 650 |
_aCUADRO DE MANDO INTEGRAL _915730 |
||
| 650 |
_aPRESENTACIONES PROFESIONALES _95499 |
||
| 650 |
_aAUDITORÍA _92653 |
||
| 650 |
_aAUDITORÍA AMBIENTAL _924575 |
||
| 650 |
_aSUBCONTRATACIÓN _924576 |
||
| 650 |
_aORGANIGRAMAS _96895 |
||
| 942 | _cBK | ||
| 999 |
_c2850 _d2850 |
||